[Event "CZE-chT2E 1415"]
[Site "Czech Republic"]
[Date "2015.01.25"]
[Round "6.6"]
[White "Paral, Adam"]
[Black "Bradac, Roman"]
[Result "1/2-1/2"]
[WhiteElo "1930"]
[BlackElo "2041"]
[PlyCount "27"]
[EventDate "2014.11.02"]
[EventType "team-tourn"]
[EventRounds "11"]
[EventCountry "CZE"]
[SourceTitle "EXT 2022"]
[Source "ChessBase"]
[SourceDate "2021.10.06"]
[SourceVersion "1"]
[SourceVersionDate "2021.10.06"]
[SourceQuality "1"]
[WhiteTeam "Brno Vinohrady"]
[BlackTeam "Dalesice Pivovar"]
[WhiteTeamCountry "CZE"]
[BlackTeamCountry "CZE"]

1. d4 Nf6 2. c4 e6 3. Nc3 Bb4 4. Bd2 b6 5. Nf3 Bb7 6. a3 Bxc3 7. Bxc3 Ne4 8. e3 Nxc3 9. bxc3 d6 10. Be2 Nd7 11. 0-0 f5 12. Qb3 Qe7 13. Nd2 0-0 14. Bf3 1/2-1/2

[Event "Bohemia South-chT 0405"]
[Site "Czech Republic"]
[Date "2005.??.??"]
[Round "?"]
[White "Paral, Adam"]
[Black "Netopil, Martin"]
[Result "0-1"]
[WhiteElo "1750"]
[BlackElo "1760"]
[PlyCount "106"]
[EventDate "2004.10.??"]
[EventType "team"]
[EventRounds "11"]
[EventCountry "CZE"]
[SourceTitle "EXT 2007"]
[Source "ChessBase"]
[SourceDate "2006.11.23"]
[SourceVersion "1"]
[SourceVersionDate "2006.11.23"]
[SourceQuality "1"]

1. e4 c6 2. d4 d5 3. exd5 cxd5 4. Bf4 Nf6 5. Nf3 e6 6. Nbd2 Nc6 7. c3 Bd6 8. Bxd6 Qxd6 9. Bd3 b6 10. 0-0 0-0 11. Re1 Bb7 12. Ne5 g6 13. Re3 Nd7 14. f4 Kg7 15. Qg4 Ne7 16. Rg3 Nf6 17. Qf3 Nf5 18. Rh3 h5 19. Re1 Rad8 20. Nf1 Bc8 21. Ng3 Ne7 22. Re3 Rh8 23. Re1 Rdg8 24. Nf1 Bb7 25. Ne3 Bc8 26. Rg3 Kf8 27. Rf1 Qc7 28. Rg5 Bb7 29. g4 Ne4 30. Bxe4 dxe4 31. Qg3 h4 32. Qf2 f6 33. f5 fxe5 34. fxg6+ Ke8 35. Qf7+ Kd7 36. g7 Rh7 37. Rxe5 Rgxg7 38. Qxe6+ Ke8 39. Nc4 Ba6 40. Nd6+ Qxd6 41. Qxd6 Rxg4+ 42. Kh1 Bxf1 43. Qc6+ Kf8 44. Qa8+ Kf7 45. Rxe7+ Kxe7 46. Qxa7+ Kd6 47. Qxh7 Be2 48. Qh6+ Kc7 49. Qh7+ Kb8 50. Qh8+ Kb7 51. h3 Bf3+ 52. Kh2 Rg2+ 53. Kh1 Rg8+ 0-1

[Event "Bohemia South-chT 0405"]
[Site "Czech Republic"]
[Date "2005.??.??"]
[Round "?"]
[White "Soukop, Pavel"]
[Black "Paral, Adam"]
[Result "1-0"]
[WhiteElo "1865"]
[BlackElo "1750"]
[PlyCount "111"]
[EventDate "2004.10.??"]
[EventType "team"]
[EventRounds "11"]
[EventCountry "CZE"]
[SourceTitle "EXT 2007"]
[Source "ChessBase"]
[SourceDate "2006.11.23"]
[SourceVersion "1"]
[SourceVersionDate "2006.11.23"]
[SourceQuality "1"]

1. e4 d6 2. d4 Nf6 3. Nc3 g6 4. f3 Bg7 5. Be3 Nbd7 6. Bc4 a6 7. a3 0-0 8. Qd2 c5 9. dxc5 Nxc5 10. Nge2 Qc7 11. Ba2 Bd7 12. 0-0-0 Rac8 13. g4 b5 14. Nd4 Rb8 15. h4 a5 16. h5 b4 17. axb4 axb4 18. Nd5 Qa5 19. Nxe7+ Kh8 20. hxg6 Qxa2 21. Rxh7+ Nxh7 22. Qh2 fxg6 23. Rh1 Bh6 24. Qxh6 Rf7 25. Ndf5 Qa1+ 26. Kd2 Nb3+ 27. Ke2 Qa6+ 28. Kf2 gxf5 29. cxb3 Qd3 30. Qg5 Rbf8 31. Ng6+ Kg8 32. Rxh7 Rxh7 33. Nxf8+ Kxf8 34. Qd8+ Be8 35. Qf6+ Rf7 36. Bh6+ Kg8 37. Qe6 Qc2+ 38. Kg1 Qc5+ 39. Kg2 Qe5 40. Qg6+ Kh8 41. exf5 Qxb2+ 42. Kh3 Qf6 43. Qh5 Re7 44. Bg5+ Rh7 45. Bxf6+ Kg8 46. Qxh7+ Kxh7 47. Be7 Bc6 48. f4 d5 49. Bxb4 d4 50. Bd2 Kh6 51. Kh4 Be4 52. b4 Bd3 53. Kg3 Kg7 54. Kf3 Kf6 55. Bc1 Bb5 56. Bb2 1-0